000 00750 a2200217 4500
001 80495
003 BD-RjUL
005 20221010112334.0
008 221010s19681956pk ||||| |||| 00| 0 urd d
035 _a(BD-RjUL) 80495
040 _aBD-RjUL
_beng
_cBD-RjUL
041 _aurd
082 _223
_a297
_bSII 1968
100 _a Siddiqi, Mazheruddin,
_d1915-
_95144
245 _aاسلام اور مذاهب عالم ## Islām aur maz̲āhab-i ʻālam /
_cمحمد مظهرالدىن صدىقى.,# # Mazheruddin Siddiqi,
250 _a3rd. ed.
260 _aLahore :
_bاداره ثقافت اسلاميه # # Adarah saqafat i Islam,
_c1968
300 _a282 p. ;
_c22 cm
650 _aApologetic writings
_vIslam
_95145
942 _2ddc
_cBK
999 _c80495
_d80495